| 000 | 00433nam a2200169Ia 4500 | ||
|---|---|---|---|
| 003 | STCL | ||
| 008 | 181203s9999 xx 000 0 und d | ||
| 020 | _a9781472228062 | ||
| 040 |
_aSTCL _bEN _cSTCL |
||
| 082 | _222 | ||
| 100 | _aAndereson, Chris | ||
| 245 | 0 | _aTED Talks: The Official TED Guide to Public Speaking | |
| 260 |
_bNicholas Brealey Publishing _aLondon _c2016 |
||
| 300 | _a269 | ||
| 546 | _aEnglish | ||
| 942 |
_2ddc _cBK |
||
| 999 |
_c87023 _d87023 |
||